Las Opiniones políticas de los salvadoreños en la actualidad: segunda parte

Сохранить в:
Библиографические подробности
Формат: Текст
Предметы:
Метки: Добавить метку
Нет меток, Требуется 1-ая метка записи!

MARC

LEADER 00000 a a2200000 04500
001 6223
003
040
245 |a Las Opiniones políticas de los salvadoreños en la actualidad:   |b segunda parte  
650 |a OPINION PUBLICA  
650 |a POLITICA  
650 |a ENCUESTAS  
650 |a PARTIDOS POLITICOS  
650 |a ELECCIONES  
650 |a SOCIEDAD CIVIL  
773 |g volumen 18, número 801; páginas 12-13  
999 |c 35553  |d 35553